|
|
|
|
| LEADER |
00686cam a2200181 7i4500 |
| 001 |
0000007625 |
| 005 |
20190624090000.0 |
| 020 |
|
|
|a 8121921953 (pbk.)
|
| 020 |
|
|
|a 9788121921954
|
| 090 |
0 |
0 |
|a TA645
|b .R69 2003
|
| 100 |
1 |
|
|a Roy, Sujit Kumar
|
| 245 |
1 |
0 |
|a Fundamentals of structural analysis with computer analysis & applications
|c Sujit Kumar Roy, Subrata Chakrabarty.
|
| 260 |
|
|
|a New Delhi:
|b S. Chand & Company Ltd.,
|c 2003.
|
| 300 |
|
|
|a ix, 980 p.:
|b ill.;
|c 24 cm.
|
| 650 |
0 |
0 |
|a Structural analysis (Engineering)
|
| 700 |
1 |
|
|a Chakrabarty, Subrata
|
| 997 |
|
|
|a Engineering & Life Sciences, Faculty
|b Engineering, Department
|
| 999 |
|
|
|a 0000008699
|b BOK
|c OPEN SHELF
|e 2nd Floor, Bestari Jaya
|